Normal view
MARC view
- الشعر العربي - العصر العباسي - نقد
Entry Topical Term
001 - CONTROL NUMBER
- control field: 50264
003 - CONTROL NUMBER IDENTIFIER
- control field: JO-AjAnu
005 - DATE AND TIME OF LATEST TRANSACTION
- control field: 20230606082258.0
008 - FIXED-LENGTH DATA ELEMENTS
- fixed length control field: 230606|| aca||aabn | a|a d
040 ## - CATALOGING SOURCE
- Original cataloging agency: JO-AjAnu
- Transcribing agency: JO-AjAnu
150 ## - HEADING--TOPICAL TERM
- Topical term or geographic name entry element: الشعر العربي - العصر العباسي - نقد
670 ## - SOURCE DATA FOUND
- Source citation: Work cat.: (JO-AjAnu)25698: تشينغ،ووشيا ؛ حرره وضبط حواشيه السواعير، إبراهيم, author 50263, إبراهيم بن المهدي شاعرا (162-224 هـ / 779-839م )